LIBRARY & INFORMATION CENTRE, KCAET, TAVANUR

ONLINE PUBLIC ACCESS CATALOGUE (OPAC)

Ignited Minds (Record no. 15675)

MARC details
000 -LEADER
fixed length control field 00352nam a22001457a 4500
003 - CONTROL NUMBER IDENTIFIER
control field OSt
008 - FIXED-LENGTH DATA ELEMENTS--GENERAL INFORMATION
fixed length control field 190527b ||||| |||| 00| 0 eng d
020 ## - INTERNATIONAL STANDARD BOOK NUMBER
ISBN 978014342123
082 ## - DEWEY DECIMAL CLASSIFICATION NUMBER
Classification number 954
Item number ABD/IG
100 ## - MAIN ENTRY--AUTHOR NAME
Personal name Abdul Kalam, A P J
245 ## - TITLE STATEMENT
Title Ignited Minds
260 ## - PUBLICATION, DISTRIBUTION, ETC. (IMPRINT)
Place of publication Haryana
Name of publisher Penguin Random House India
Year of publication 2014
300 ## - PHYSICAL DESCRIPTION
Number of Pages 189 p.
942 ## - ADDED ENTRY ELEMENTS (KOHA)
Koha item type Books
Holdings
Withdrawn status Lost status Damaged status Home library Current library Date acquired Cost, normal purchase price Full call number Accession Number Koha item type
      KAUAET KAUAET 27/05/2019 199.00 954 ABD/IG 25927 Books
free website counter